| 000 | 00657cam a2200181 4500500 | ||
|---|---|---|---|
| 005 | 20260111080202.0 | ||
| 041 | _afre | ||
| 042 | _adc | ||
| 100 | 1 | 0 |
_aAyrault, Ludovic _eauthor |
| 245 | 0 | 0 | _aL’autonomie fiscale des collectivités territoriales en question : réflexions sur sa remise en cause |
| 260 | _c2017. | ||
| 500 | _a31 | ||
| 690 | _aautonomie financière | ||
| 690 | _aautonomie fiscale | ||
| 690 | _afinances locales | ||
| 786 | 0 | _nGestion & Finances Publiques | 2 | 2 | 2017-01-30 | p. 25-30 | 1969-1009 | |
| 856 | 4 | 1 | _uhttps://droit.cairn.info/revue-gestion-et-finances-publiques-2017-2-page-25?lang=fr&redirect-ssocas=7080 |
| 999 |
_c1615989 _d1615989 |
||